[Event "Continental Femenino"]
[Site "?"]
[Date "2007.??.??"]
[Round "9"]
[White "Amura, Claudia"]
[Black "Zuriel, Marisa"]
[Result "1/2-1/2"]
[WhiteElo "2344"]
[BlackElo "2184"]
[PlyCount "41"]

1. d4 Nf6 2. c4 g6 3. Nc3 Bg7 4. e4 d6 5. Be2 O-O 6. Bg5 c5 7. d5 e6 8. Nf3 h6
9. Bh4 exd5 10. exd5 Re8 11. O-O Bg4 12. h3 Bxf3 13. Bxf3 a6 14. Qd2 Nbd7 15.
Rae1 Qb6 16. Bg3 Rxe1 17. Rxe1 Re8 18. Rf1 Kh7 19. Bf4 Ng8 20. Be2 Ne7 21. g4
1/2-1/2

2-1/2

[Event "Continental Femenino"]
[Site "?"]
[Date "2007.??.??"]
[Round "9"]
[White "Nejanky, Maisa"]
[Black "Sanchez Castillo, Sarai"]
[Result "1/2-1/2"]
[WhiteElo "2068"]
[BlackElo "2340"]
[PlyCount "69"]

1. e4 e6 2. d4 d5 3. Nc3 Bb4 4. e5 c5 5. Bd2 Ne7 6. Nb5 Bxd2+ 7. Qxd2 O-O 8. c3
Bd7 9. Nd6 b6 10. f4 Nc8 11. Nxc8 Bxc8 12. Nf3 a5 13. Bd3 Ba6 14. O-O Bxd3 15.
Qxd3 g6 16. Rae1 Nc6 17. a3 cxd4 18. cxd4 a4 19. g4 Qd7 20. Kh1 Rfc8 21. Ng5 h6
22. Nh3 Ne7 23. f5 exf5 24. gxf5 Nxf5 25. e6 fxe6 26. Nf4 Kh7 27. Rxe6 Rc6 28.
Re5 Rg8 29. Nxg6 Rcxg6 30. Rexf5 Kh8 31. Qe3 Qe6 32. Qxe6 Rxe6 33. Rxd5 Re2 34.
Rb1 Rgg2 35. Rb5 1/2-1/2

2-1/2

[Event "Continental Femenino"]
[Site "?"]
[Date "2007.??.??"]
[Round "9"]
[White "Cori Tello, Daisy"]
[Black "Marrero Lopez, Yaniet"]
[Result "1-0"]
[WhiteElo "2144"]
[BlackElo "2308"]
[PlyCount "65"]

1. d4 d5 2. c4 c6 3. Nf3 Nf6 4. Nc3 e6 5. Bg5 h6 6. Bh4 dxc4 7. a4 Bb4 8. e3 b5
9. Nd2 g5 10. Bg3 Nd5 11. axb5 Nxc3 12. bxc3 Bxc3 13. Rb1 cxb5 14. Rxb5 Ba6 15.
Rb1 Nd7 16. Be2 O-O 17. h4 Qa5 18. O-O Bxd2 19. Ra1 Qb6 20. Qxd2 c3 21. Qc2
Bxe2 22. Qxe2 e5 23. Ra6 Qb2 24. Qg4 Nb6 25. hxg5 Qc2 26. e4 h5 27. Qf5 Qe2 28.
Bxe5 Rae8 29. Rxa7 c2 30. Rxf7 Qxf1+ 31. Kh2 Rxf7 32. Qg6+ Kf8 33. Qh6+ 1-0

+ 1-0

[Event "Continental Femenino"]
[Site "?"]
[Date "2007.??.??"]
[Round "9"]
[White "Ubaldo Suarez, Maria Gisel"]
[Black "Amed, Stephanie"]
[Result "0-1"]
[WhiteElo "2077"]
[BlackElo "2082"]
[PlyCount "159"]

1. d4 Nf6 2. c4 g6 3. Nc3 Bg7 4. e4 d6 5. Nf3 O-O 6. Be2 e5 7. d5 a5 8. b3 Na6
9. O-O h6 10. a3 Ne8 11. Ne1 f5 12. f3 f4 13. Nd3 g5 14. b4 h5 15. Bd2 Nf6 16.
Be1 Rf7 17. c5 Bf8 18. Bf2 g4 19. cxd6 Bxd6 20. b5 Nb8 21. Bh4 Rg7 22. Qd2 Nbd7
23. Na4 Qe8 24. Kf2 Qf7 25. Qc3 Qg6 26. Nac5 Nxc5 27. Nxc5 gxf3 28. gxf3 Qg2+
29. Ke1 Nh7 30. Kd2 Qh3 31. Bf2 b6 32. Nd3 Ng5 33. Kc2 Nxf3 34. Nxf4 exf4 35.
Qxf3 Be5 36. Rad1 Qxf3 37. Bxf3 Bg4 38. Rd3 Kf7 39. Bd4 Bxd4 40. Rxd4 Kf6 41.
Kd3 Ke5 42. Rc4 Rd8 43. Rg1 Rdd7 44. Rf1 Rd6 45. Ke2 h4 46. Rfc1 Bxf3+ 47. Kxf3
Rdd7 48. Rc6 h3 49. Re6+ Kd4 50. Rec6 Ke5 51. R1c4 Rde7 52. Rh6 Rh7 53. Rxh7
Rxh7 54. Rc6 Rd7 55. Rc4 Rg7 56. Rc6 Rg2 57. Rxc7 Rxh2 58. Re7+ Kd6 59. Re6+
Kc5 60. a4 Ra2 61. Kxf4 Rxa4 62. Ke5 h2 63. Rh6 Ra2 64. Ke6 Rd2 65. Rh3 a4 66.
Rh8 a3 67. Rc8+ Kxb5 68. Rc1 Rg2 69. Rh1 a2 70. d6 Rg1 71. d7 a1=Q 72. d8=Q
Rxh1 73. Qd5+ Ka4 74. Qc4+ Ka3 75. Qa6+ Kb2 76. Qxb6+ Kc2 77. Qc7+ Kd3 78. Qg3+
Kc4 79. Qc7+ Kd4 80. Qd7+ 0-1

+ 0-1

[Event "Continental Femenino"]
[Site "?"]
[Date "2007.??.??"]
[Round "9"]
[White "Buttner, Natalia"]
[Black "Lujan, Carolina"]
[Result "0-1"]
[WhiteElo "2064"]
[BlackElo "2394"]
[PlyCount "124"]

1. e4 c5 2. Nf3 Nc6 3. d4 cxd4 4. Nxd4 Nf6 5. Nc3 d6 6. Nxc6 bxc6 7. Bd3 e5 8.
O-O Be7 9. Kh1 Qc7 10. Qe1 Nd7 11. Na4 O-O 12. Bd2 Nb6 13. Nxb6 axb6 14. c4 Be6
15. f4 exf4 16. Bxf4 Bf6 17. Qb4 Rfd8 18. a3 Be5 19. Qd2 Rd7 20. Rac1 Re8 21.
Qf2 Qd8 22. Be3 Rb7 23. a4 Qb8 24. Bf4 Qd8 25. Be3 Qc7 26. Bf4 Ra8 27. b3 c5
28. Be3 Re8 29. Be2 Qe7 30. Rcd1 Bd7 31. Bf3 Bc6 32. Rfe1 h6 33. Qd2 Qh4 34.
Bg1 Kh8 35. Qf2 Qg5 36. Qe3 Bf4 37. Qd3 Be5 38. Qe3 Qg6 39. Qe2 Rbe7 40. Bh5
Qg5 41. Qg4 Qxg4 42. Bxg4 Bf4 43. Rf1 g5 44. Bf3 Kg7 45. g3 Be5 46. Rd2 h5 47.
Bxh5 Rh8 48. Bf3 Bxg3 49. Rg2 Bf4 50. Re1 Rh3 51. Rf1 Bxe4 52. Bxe4 Rxe4 53.
Rb2 f5 54. Kg2 Rh6 55. Rf3 Rhe6 56. Bf2 g4 57. Rd3 Be5 58. Ra2 f4 59. a5 bxa5
60. Rxa5 f3+ 61. Kg1 Re2 62. Re3 Rxf2 0-1

2 0-1

[Event "Continental Femenino"]
[Site "?"]
[Date "2007.??.??"]
[Round "9"]
[White "Palao, Maricela"]
[Black "Zepeda, Sonia"]
[Result "1/2-1/2"]
[WhiteElo "2139"]
[BlackElo "2045"]
[PlyCount "92"]

1. d4 d5 2. c4 c6 3. Nf3 Nf6 4. e3 Bf5 5. Nc3 e6 6. Be2 Bd6 7. O-O Nbd7 8. b3
O-O 9. Bb2 Re8 10. Rc1 a6 11. Nh4 Bg6 12. f4 Be4 13. Qe1 c5 14. Rd1 cxd4 15.
exd4 Rc8 16. Kh1 Qc7 17. Qd2 Nf8 18. c5 Be7 19. b4 Ng6 20. Nxg6 Bxg6 21. a4 Ne4
22. Nxe4 Bxe4 23. b5 Ra8 24. Ra1 g6 25. Rfc1 Rec8 26. Bc3 Bd8 27. Bb4 Qd7 28.
Rc3 Bf6 29. Rac1 axb5 30. Bxb5 Qc7 31. Kg1 Bg7 32. c6 b6 33. Ra3 h5 34. Rb3 Bh6
35. Rf1 Ra7 36. Qc1 Rca8 37. Ra3 Bg7 38. Qd2 Bh6 39. Bc3 Bf8 40. Ra2 Bh6 41.
Qe3 Rc8 42. Bd2 Rca8 43. Qc3 Ra5 44. Ra3 Bf8 45. Raa1 Bh6 46. Qb2 R5a7 1/2-1/2

2-1/2

[Event "Continental Femenino"]
[Site "?"]
[Date "2007.??.??"]
[Round "9"]
[White "Malajovich, Sandra"]
[Black "Plazaola, Maria de los Ang"]
[Result "0-1"]
[WhiteElo "2095"]
[BlackElo "2061"]
[PlyCount "80"]

1. c4 Nf6 2. Nc3 e5 3. g3 Nc6 4. Bg2 g6 5. e3 d6 6. Nge2 Bf5 7. e4 Be6 8. Nd5
Bg7 9. Rb1 Qd7 10. b4 Ne7 11. d3 Nexd5 12. cxd5 Bh3 13. O-O h5 14. f3 Ke7 15.
Bg5 Rag8 16. Rc1 Bxg2 17. Kxg2 Kf8 18. Bxf6 Bxf6 19. Qc2 Bd8 20. h3 Rg7 21. f4
Kg8 22. Nc3 exf4 23. gxf4 g5 24. f5 g4 25. hxg4 Rxg4+ 26. Kf3 Qe7 27. Qf2 Qe5
28. Ne2 a6 29. Qa7 Kf8 30. Qxb7 Qh2 31. Rg1 Qh3+ 32. Rg3 Rxg3+ 33. Nxg3 Qg4+
34. Kf2 Qf4+ 35. Ke2 Qxc1 36. Qc8 Qg5 37. Qd7 Qg4+ 38. Kd2 Bg5+ 39. Kc2 Qxg3
40. Qxc7 h4 0-1

4 0-1

[Event "Continental Femenino"]
[Site "?"]
[Date "2007.??.??"]
[Round "9"]
[White "Vargas, Gabriela"]
[Black "Carraro, Denise"]
[Result "1/2-1/2"]
[WhiteElo "2118"]
[BlackElo "2048"]
[PlyCount "97"]

1. d4 Nf6 2. Bg5 c5 3. dxc5 e6 4. Nf3 Bxc5 5. e3 Qb6 6. Nbd2 Qxb2 7. Bd3 d5 8.
O-O Nc6 9. Nb3 Be7 10. Nfd4 Nxd4 11. exd4 Bd7 12. Bd2 Qa3 13. Rb1 b6 14. Qf3
Qd6 15. c4 Bc6 16. c5 Qd7 17. Rfc1 O-O 18. Bf4 Rfc8 19. Be5 Ne4 20. Qh3 g6 21.
Rc2 f6 22. Bf4 bxc5 23. Bxe4 dxe4 24. Nxc5 Bxc5 25. Rxc5 Bd5 26. Rbc1 Rxc5 27.
Rxc5 Qa4 28. Rc1 Qxd4 29. Be3 Qe5 30. a3 f5 31. Qh6 Rf8 32. Bf4 Qg7 33. Qxg7+
Kxg7 34. Rc7+ Kf6 35. h4 a5 36. Rxh7 e3 37. Bxe3 Ke5 38. Ra7 f4 39. Bb6 Rh8 40.
Rxa5 Rxh4 41. Bc7+ Kf5 42. f3 g5 43. Rc5 g4 44. g3 fxg3 45. Bxg3 Rh3 46. fxg4+
Kxg4 47. Bd6 Rxa3 48. Rc4+ Bxc4 49. Bxa3 1/2-1/2

2-1/2

[Event "Continental Femenino"]
[Site "?"]
[Date "2007.??.??"]
[Round "9"]
[White "Chang, Suzana"]
[Black "Colautti, Marcela"]
[Result "0-1"]
[WhiteElo "2091"]
[BlackElo "1929"]
[PlyCount "74"]

1. e4 e6 2. Qe2 Be7 3. Nf3 d5 4. d3 c5 5. g3 Nc6 6. Bg2 Nf6 7. e5 Nd7 8. O-O
Qc7 9. Re1 Nf8 10. c3 Bd7 11. a3 a5 12. a4 h6 13. h4 Nh7 14. Na3 O-O 15. Bf4
Na7 16. Nc2 Qb6 17. Reb1 Nc6 18. Bh3 Rfe8 19. Qd2 Bf8 20. Ne3 g5 21. hxg5 hxg5
22. Bxg5 Nxg5 23. Nxg5 Nxe5 24. f4 Bh6 25. Qe2 Bxg5 26. fxe5 Qd8 27. Rf1 Bc6
28. Ng4 d4 29. c4 Qc7 30. Bg2 Kg7 31. Bxc6 Qxc6 32. Qf3 Qc7 33. Nf6 Be3+ 34.
Kg2 Rh8 35. Rh1 Qxe5 36. Nh5+ Kf8 37. Qxb7 Rb8 0-1

8 0-1

[Event "Continental Femenino"]
[Site "?"]
[Date "2007.??.??"]
[Round "9"]
[White "Mateus, Martha"]
[Black "Burijovich, Liliana"]
[Result "1/2-1/2"]
[WhiteElo "2127"]
[BlackElo "2227"]
[PlyCount "136"]

1. e4 c5 2. Nf3 Nc6 3. c3 d5 4. exd5 Qxd5 5. d4 Bg4 6. Be2 e6 7. h3 Bh5 8. O-O
Nf6 9. Be3 cxd4 10. cxd4 Be7 11. Nc3 Qd6 12. Qb3 Qb4 13. Qd1 O-O 14. a3 Qd6 15.
Qd2 Rfd8 16. Rfd1 Nd5 17. Ne4 Qb8 18. Bg5 f6 19. Bh4 Qf4 20. Nc3 Bxf3 21. Nxd5
Qxd2 22. Nxe7+ Nxe7 23. Rxd2 Bxe2 24. Rxe2 Nf5 25. Re4 Rxd4 26. Rxd4 Nxd4 27.
Rd1 Rd8 28. Kf1 e5 29. f4 Rc8 30. Bf2 Rc2 31. fxe5 fxe5 32. Bxd4 exd4 33. b4
Rc4 34. Ke2 Kf7 35. Kd3 Rc3+ 36. Kxd4 Rxa3 37. Rc1 Kf6 38. Rc7 b6 39. Rc6+ Kf5
40. Rc7 Kf6 41. Rc6+ Kf5 42. Rc7 Rg3 43. Rf7+ Kg6 44. Rxa7 Rxg2 45. Rb7 Rd2+
46. Ke5 Re2+ 47. Kd5 Rd2+ 48. Ke5 Rh2 49. Rxb6+ Kh5 50. Rb7 Kh6 51. b5 Rxh3 52.
Rb6+ Kg5 53. Rb7 g6 54. b6 h5 55. Kd6 h4 56. Rh7 Kg4 57. b7 Rb3 58. Kc7 Rc3+
59. Kd6 Rb3 60. Kc7 g5 61. b8=Q Rxb8 62. Kxb8 h3 63. Kc7 Kg3 64. Kd6 g4 65. Ke5
h2 66. Kf5 Kg2 67. Kxg4 h1=Q 68. Rxh1 Kxh1 1/2-1/2

2-1/2

[Event "Continental Femenino"]
[Site "?"]
[Date "2007.??.??"]
[Round "9"]
[White "Lovece, Ruth"]
[Black "Airapetian, Chouchanik"]
[Result "1-0"]
[WhiteElo "2005"]
[BlackElo "2162"]
[PlyCount "93"]

1. e4 e5 2. Nf3 Nc6 3. Bb5 a6 4. Ba4 Nf6 5. O-O Nxe4 6. d4 b5 7. Bb3 d5 8. dxe5
Be6 9. Be3 Be7 10. c3 O-O 11. Nbd2 Nc5 12. Bc2 Nd7 13. Bd4 Nxd4 14. cxd4 f6 15.
exf6 Bxf6 16. Re1 Bg4 17. Qb1 h6 18. Bb3 c6 19. Qg6 Bxf3 20. Nxf3 Re8 21. Bc2
Nf8 22. Qd3 Qd6 23. Rac1 Rac8 24. Bb1 g6 25. a3 Rxe1+ 26. Rxe1 c5 27. dxc5 Rxc5
28. Qd2 Kg7 29. Ba2 d4 30. Qd3 Rc7 31. Qb3 h5 32. g3 Kh6 33. Qd3 Nd7 34. Re6
Qf8 35. Qd2+ Kg7 36. Qf4 Rc5 37. Nxd4 Kh7 38. Rxa6 Ne5 39. Ne6 Nf3+ 40. Qxf3
Rc1+ 41. Kg2 Qe7 42. Bd5 Rc2 43. Qe3 Rxb2 44. Ra7 Qxa7 45. Qxa7+ Kh6 46. h4 Ra2
47. Qf7 1-0

7 1-0

[Event "Continental Femenino"]
[Site "?"]
[Date "2007.??.??"]
[Round "10"]
[White "Amed, Stephanie"]
[Black "Sanchez Castillo, Sarai"]
[Result "0-1"]
[WhiteElo "2082"]
[BlackElo "2340"]
[PlyCount "56"]

1. e4 e6 2. d4 d5 3. Nc3 Bb4 4. e5 c5 5. a3 Bxc3+ 6. bxc3 Ne7 7. Nf3 Qc7 8. a4
b6 9. Bb5+ Bd7 10. O-O Bxb5 11. axb5 O-O 12. Qe2 Rc8 13. Ba3 a6 14. bxa6 Rxa6
15. Bb2 Rxa1 16. Rxa1 cxd4 17. Nxd4 Ng6 18. Re1 Nd7 19. Nf3 h6 20. h4 Ra8 21.
h5 Ne7 22. Nd4 Ra2 23. Nb5 Qxe5 24. Qd1 Qf5 25. g4 Qf4 26. Ba3 Nc6 27. Re3 Nde5
28. Qb1 Nxg4 0-1

[Event "Continental Femenino"]
[Site "?"]
[Date "2007.??.??"]
[Round "10"]
[White "Zuriel, Marisa"]
[Black "Pina Vega, Sulennis"]
[Result "1/2-1/2"]
[WhiteElo "2184"]
[BlackElo "2294"]
[PlyCount "32"]

1. e4 c5 2. Nf3 a6 3. c3 d6 4. d4 Qc7 5. Bd3 g6 6. Be3 Bg7 7. O-O e5 8. Nbd2
Ne7 9. dxc5 dxc5 10. Nh4 O-O 11. f4 Bh6 12. g3 exf4 13. Bxf4 Bxf4 14. gxf4 Rd8
15. Bc2 Qd7 16. Nc4 Nbc6 1/2-1/2

[Event "Continental Femenino"]
[Site "?"]
[Date "2007.??.??"]
[Round "10"]
[White "Cori Tello, Daisy"]
[Black "Amura, Claudia"]
[Result "0-1"]
[WhiteElo "2144"]
[BlackElo "2344"]
[PlyCount "56"]

1. d4 Nf6 2. c4 g6 3. Nf3 Bg7 4. g3 c6 5. Nc3 d5 6. cxd5 Nxd5 7. e4 Nxc3 8.
bxc3 c5 9. Bg2 Nc6 10. e5 cxd4 11. cxd4 Be6 12. O-O Bd5 13. Be3 O-O 14. Qd2 Qd7
15. Rfd1 Rfd8 16. Rac1 Rac8 17. Rc5 b6 18. Rxd5 Qxd5 19. Ng5 Qa5 20. Qe2 Qa4
21. Bh3 h6 22. Nxf7 Kxf7 23. Bxc8 Rxc8 24. Qf3+ Kg8 25. Rc1 Kh7 26. Qe4 Nxd4
27. Bxh6 Rxc1+ 28. Bxc1 Qc4 0-1

[Event "Continental Femenino"]
[Site "?"]
[Date "2007.??.??"]
[Round "10"]
[White "Plazaola, Maria de los Ang"]
[Black "Nejanky, Maisa"]
[Result "1/2-1/2"]
[WhiteElo "2061"]
[BlackElo "2068"]
[PlyCount "148"]

1. e4 c5 2. Nf3 d6 3. d4 Nf6 4. Nc3 cxd4 5. Nxd4 g6 6. Bg5 Bg7 7. Bb5+ Bd7 8.
Qe2 Nc6 9. O-O-O O-O 10. Bxc6 bxc6 11. e5 dxe5 12. Nxc6 Qe8 13. Nxe5 Be6 14.
Rd2 Rc8 15. f4 Rxc3 16. bxc3 Qa4 17. Rd4 Qa3+ 18. Kd2 Nd5 19. Qd3 h6 20. Rxd5
Bxd5 21. Qxd5 hxg5 22. Rb1 e6 23. Qc4 Rd8+ 24. Nd3 Qe7 25. Ke2 gxf4 26. Qxf4
Bxc3 27. Qf3 Qg5 28. Rb7 Qd2+ 29. Kf1 Rf8 30. Qe2 Qh6 31. h3 Qg5 32. Qf3 Qa5
33. Nf4 Qa6+ 34. Ne2 Bd4 35. Rd7 Bb6 36. Qb3 Qc8 37. Rd3 Qc5 38. Rf3 Rd8 39. c3
Qd6 40. Nd4 Bxd4 41. cxd4 Qxd4 42. Qe3 Qa1+ 43. Kf2 Qxa2+ 44. Kg3 Rd2 45. Qe4
Rxg2+ 46. Kh4 Qd5 47. Qxd5 exd5 48. Rb3 Rc2 49. Kg5 Kg7 50. Ra3 Rc7 51. Kf4 Rd7
52. Ke3 d4+ 53. Kd2 Kf6 54. Ra5 Ke6 55. Kd3 f5 56. Ra6+ Kf7 57. Ra5 Kf6 58. h4
Rh7 59. Ra6+ Ke5 60. Rxg6 Rxh4 61. Ra6 Rh3+ 62. Kd2 Ke4 63. Rxa7 Rh2+ 64. Kd1
Ke3 65. Re7+ Kd3 66. Ke1 f4 67. Ra7 f3 68. Ra8 f2+ 69. Kf1 Kd2 70. Ra2+ Ke3 71.
Ra3+ Ke4 72. Ra8 Kd3 73. Ra3+ Kd2 74. Rd3+ Kxd3 1/2-1/2

[Event "Continental Femenino"]
[Site "?"]
[Date "2007.??.??"]
[Round "10"]
[White "Lujan, Carolina"]
[Black "Palao, Maricela"]
[Result "1-0"]
[WhiteElo "2394"]
[BlackElo "2139"]
[PlyCount "97"]

1. e4 c5 2. Nf3 e6 3. d4 cxd4 4. Nxd4 Nf6 5. Nc3 d6 6. Be2 a6 7. a4 Be7 8. O-O
O-O 9. Be3 b6 10. f4 Qc7 11. Bf3 Bb7 12. g4 d5 13. exd5 exd5 14. Nce2 Nc6 15.
Nf5 Bc5 16. Bxc5 bxc5 17. Neg3 Qxf4 18. Bxd5 Qc7 19. Bxc6 Bxc6 20. Qc1 Ne4 21.
Nh5 Rad8 22. Qf4 Qa7 23. c4 f6 24. Nhxg7 Ng5 25. Ra3 Rd4 26. Nxd4 cxd4 27. h4
d3+ 28. Kh2 Nf3+ 29. Rxf3 Bxf3 30. Qxf3 Qb8+ 31. Kh3 Qxb2 32. Rxd3 Kxg7 33.
Rd7+ Rf7 34. Rxf7+ Kxf7 35. g5 a5 36. c5 Qe5 37. Qxf6+ Qxf6 38. gxf6 Kxf6 39.
Kg4 Ke6 40. Kg5 Kd5 41. c6 Kxc6 42. Kh6 Kc5 43. Kxh7 Kb4 44. h5 Kxa4 45. h6 Kb3
46. Kg6 a4 47. h7 a3 48. h8=Q Ka2 49. Qc3 1-0

[Event "Continental Femenino"]
[Site "?"]
[Date "2007.??.??"]
[Round "10"]
[White "Ubaldo Suarez, Maria Gisel"]
[Black "Vargas, Gabriela"]
[Result "1-0"]
[WhiteElo "2077"]
[BlackElo "2118"]
[PlyCount "72"]

1. d4 d5 2. c4 e6 3. Nc3 Nf6 4. Nf3 Be7 5. e3 O-O 6. Bd3 b6 7. cxd5 exd5 8. O-O
Nbd7 9. Qc2 Bb7 10. Ne5 c5 11. f4 cxd4 12. exd4 Nxe5 13. fxe5 Ne4 14. Kh1 f5
15. Be3 Bg5 16. Qe2 Bxe3 17. Qxe3 Rc8 18. Nb5 Ba6 19. Rac1 Bxb5 20. Bxb5 Rxc1
21. Qxc1 Qh4 22. Kg1 f4 23. Bc6 Qd8 24. Rxf4 Rxf4 25. Qxf4 h6 26. Qf5 Kh8 27.
g3 b5 28. e6 Qa5 29. e7 Qe1+ 30. Kg2 Qe2+ 31. Kg1 Qe1+ 32. Qf1 Qe3+ 33. Kh1
Nf2+ 34. Qxf2 Qxf2 35. e8=Q+ Kh7 36. Bxb5 Qxb2 1-0

[Event "Continental Femenino"]
[Site "?"]
[Date "2007.??.??"]
[Round "10"]
[White "Carraro, Denise"]
[Black "Malajovich, Sandra"]
[Result "0-1"]
[WhiteElo "2048"]
[BlackElo "2095"]
[PlyCount "134"]

1. e4 c5 2. Nf3 Nc6 3. d4 cxd4 4. Nxd4 g6 5. Nc3 Bg7 6. Be3 Nf6 7. Nxc6 bxc6 8.
e5 Nd5 9. Nxd5 cxd5 10. Qxd5 Rb8 11. Bc4 O-O 12. O-O Qc7 13. f4 d6 14. Bb3 dxe5
15. fxe5 Bb7 16. Qc5 Qxe5 17. Qxe5 Bxe5 18. c3 a5 19. Rae1 Ba6 20. Rf2 Bf6 21.
g4 Bh4 22. Bf4 Bxf2+ 23. Kxf2 Rb7 24. Kg3 Rc8 25. Re4 Bb5 26. Bd5 Rd7 27. Re5
Bc4 28. Be4 a4 29. Ra5 Bxa2 30. Rxa4 Bd5 31. Rd4 e6 32. Be5 Rc4 33. Kf4 h6 34.
h4 Kf8 35. g5 h5 36. Bxd5 exd5 37. Bf6 Rb7 38. Ke5 Rxb2 39. Rxd5 Re2+ 40. Kd6
Ke8 41. Rb5 Re6+ 42. Kd5 Rc8 43. c4 Kd7 44. c5 Re2 45. Ra5 Rd2+ 46. Ke4 Rh2 47.
Kd5 Rd2+ 48. Kc4 Ke6 49. Ra6+ Kf5 50. Bc3 Rc2 51. Kd3 Rxc3+ 52. Kxc3 Rxc5+ 53.
Kd4 Rb5 54. Kc4 Re5 55. Kd3 Re1 56. Ra4 Rg1 57. Ke3 Rg3+ 58. Kf2 Rg4 59. Ra5+
Ke6 60. Ra6+ Ke7 61. Ra7+ Kf8 62. Ra5 Rxh4 63. Kg3 Rg4+ 64. Kh3 Kg7 65. Rb5 Rf4
66. Rb7 Rf1 67. Kg2 Rf5 0-1

[Event "Continental Femenino"]
[Site "?"]
[Date "2007.??.??"]
[Round "10"]
[White "Buttner, Natalia"]
[Black "Colautti, Marcela"]
[Result "1-0"]
[WhiteElo "2064"]
[BlackElo "1929"]
[PlyCount "35"]

1. e4 d5 2. exd5 Nf6 3. Bb5+ c6 4. dxc6 bxc6 5. Be2 e5 6. d3 Qb6 7. Nd2 Bc5 8.
Nc4 Bxf2+ 9. Kf1 Qc5 10. b4 Qxb4 11. Kxf2 Ba6 12. Ba3 Qc3 13. Bb2 Qb4 14. Qd2
Qc5+ 15. Qe3 Qxe3+ 16. Nxe3 Nbd7 17. Bf3 Rc8 18. Nf5 1-0

[Event "Continental Femenino"]
[Site "?"]
[Date "2007.??.??"]
[Round "10"]
[White "Burijovich, Liliana"]
[Black "Chang, Suzana"]
[Result "0-1"]
[WhiteElo "2227"]
[BlackElo "2091"]
[PlyCount "122"]

1. e4 c5 2. Nf3 e6 3. d4 cxd4 4. Nxd4 a6 5. c4 Bb4+ 6. Nc3 Nf6 7. Bd3 Nc6 8.
Nxc6 dxc6 9. O-O e5 10. Bg5 h6 11. Bh4 g5 12. Bg3 Qe7 13. Rc1 Bc5 14. Kh1 h5
15. f3 h4 16. Bf2 Nh5 17. Na4 Bxf2 18. Rxf2 Be6 19. c5 Rd8 20. Rd2 O-O 21. Bf1
Rxd2 22. Qxd2 Rd8 23. Qc3 Qf6 24. Nb6 Ng3+ 25. Kg1 Nxf1 26. Rxf1 Rd4 27. b3 h3
28. g3 Kh7 29. Kf2 Qd8 30. Ke2 f5 31. Qc2 Kh6 32. Ke3 Qf6 33. Rd1 fxe4 34. fxe4
Bg4 35. Rxd4 Qf3+ 36. Kd2 Qf2+ 37. Kc1 Qxd4 38. Na4 Bf3 39. Nc3 Qxc5 40. Kb2
Qd4 41. a3 a5 42. a4 Bg2 43. Ka3 Qg1 44. Kb2 Qxh2 45. Qf2 Kg7 46. Ka3 Qh1 47.
Kb2 Qf1 48. Qe3 Kg6 49. Qc5 h2 50. Qd6+ Qf6 51. Qd7 Qf2+ 52. Ka3 Qf8+ 53. Ka2
h1=Q 54. Qe6+ Qf6 55. Qg8+ Qg7 56. Qe6+ Qf6 57. Qg8+ Kh5 58. Qh7+ Kg4 59. Qd7+
Kxg3 60. Ne2+ Kh2 61. Qg4 Qf3 0-1

[Event "Continental Femenino"]
[Site "?"]
[Date "2007.??.??"]
[Round "10"]
[White "Airapetian, Chouchanik"]
[Black "Maggiolo, Elisa"]
[Result "1/2-1/2"]
[WhiteElo "2162"]
[BlackElo "2119"]
[PlyCount "89"]

1. e4 c5 2. Nf3 Nc6 3. d4 cxd4 4. Nxd4 Nf6 5. Nc3 e5 6. Ndb5 d6 7. Bg5 a6 8.
Na3 b5 9. Nd5 Be7 10. Bxf6 Bxf6 11. c3 Ne7 12. Nc2 Be6 13. Ncb4 O-O 14. a4 bxa4
15. Rxa4 a5 16. Nxe7+ Qxe7 17. Nd5 Qb7 18. b3 Kh8 19. Bc4 Bg5 20. Qh5 Bd8 21.
O-O f5 22. Nf6 g6 23. Qh6 Rxf6 24. Bxe6 g5 25. Bd5 Rxh6 26. Bxb7 Rb8 27. Bd5 f4
28. Rc1 g4 29. g3 Bb6 30. b4 fxg3 31. hxg3 Rf8 32. Rc2 axb4 33. cxb4 Rhf6 34.
Raa2 h5 35. Kg2 Kg7 36. Rd2 Kg6 37. Bc6 Bd4 38. b5 R6f7 39. Rdc2 Kg5 40. Bd5
Rf6 41. Bc6 h4 42. gxh4+ Kxh4 43. Bd7 Rf3 44. Bf5 Kg5 45. Rc7 1/2-1/2

[Event "Continental Femenino"]
[Site "?"]
[Date "2007.??.??"]
[Round "11"]
[White "Sanchez Castillo, Sarai"]
[Black "Lujan, Carolina"]
[Result "1/2-1/2"]
[WhiteElo "2340"]
[BlackElo "2394"]
[PlyCount "54"]

1. e4 c5 2. Nf3 Nc6 3. Bb5 e6 4. O-O Nge7 5. Re1 a6 6. Bf1 d5 7. d3 d4 8. a4
Ng6 9. e5 Qc7 10. Qe2 Be7 11. Na3 Rb8 12. g3 {(=)} 12... O-O 13. h4 f6 14. exf6
gxf6 15. h5 Nge5 16. Nxe5 Nxe5 17. Bf4 Bd6 18. Bxe5 Bxe5 19. Nc4 Bd6 20. Bh3
Kh8 21. h6 e5 22. Bxc8 Rbxc8 23. Qg4 Rcd8 24. Ra3 Qd7 25. Qxd7 Rxd7 26. Rb3
Rff7 27. f4 Rfe7 1/2-1/2

[Event "Continental Femenino"]
[Site "?"]
[Date "2007.??.??"]
[Round "11"]
[White "Ramon Pita, Vivian"]
[Black "Amura, Claudia"]
[Result "1/2-1/2"]
[WhiteElo "2279"]
[BlackElo "2344"]
[PlyCount "54"]

1. Nf3 Nf6 2. b3 c5 3. Bb2 e6 4. a3 b6 5. g3 Bb7 6. Bg2 g5 7. d3 Rg8 8. Nbd2 d6
9. e4 Nbd7 10. h3 h5 11. Qe2 Qc7 12. a4 Be7 13. Nc4 h4 14. g4 Nh7 15. Ne3 Nhf8
16. Qd2 Ng6 17. Ng1 Nf4 18. Ne2 d5 19. Nxf4 gxf4 20. Nf1 O-O-O 21. exd5 exd5
22. Nh2 Bg5 23. Bf3 Ne5 24. d4 Nxf3+ 25. Nxf3 Rde8+ 26. Kf1 f5 27. Qd3 fxg4
1/2-1/2

[Event "Continental Femenino"]
[Site "?"]
[Date "2007.??.??"]
[Round "11"]
[White "Amed, Stephanie"]
[Black "Zuriel, Marisa"]
[Result "0-1"]
[WhiteElo "2082"]
[BlackElo "2184"]
[PlyCount "90"]

1. e4 c5 2. Nf3 d6 3. d4 cxd4 4. Nxd4 Nf6 5. Nc3 a6 6. a4 e6 7. Be2 Be7 8. O-O
O-O 9. Kh1 Nc6 10. Be3 Qc7 11. f4 Bd7 12. Nb3 b6 13. Bf3 Rfe8 14. g4 Bc8 15. g5
Nd7 16. Bg2 Bb7 17. Qh5 Nb4 18. Rac1 Bf8 19. Bg1 g6 20. Qh4 Bg7 21. Rf3 f6 22.
gxf6 Bxf6 23. Qe1 Nc5 24. a5 bxa5 25. Nxc5 dxc5 26. Rf1 Qe7 27. Na4 Rac8 28.
Nb6 Rcd8 29. Nc4 e5 30. Nxa5 Ba8 31. Nb3 Bh4 32. Qe2 Nc6 33. Bxc5 Qg7 34. f5
gxf5 35. Rxf5 Kh8 36. Qh5 Ne7 37. Rxe5 Bf6 38. Bxe7 Rxe7 39. Rxe7 Qxe7 40. Rd1
Rg8 41. Bf3 Bxe4 42. Rf1 Bxc2 43. Bd5 Rd8 44. Na5 Rxd5 45. Qg4 Be4+ 0-1

[Event "Continental Femenino"]
[Site "?"]
[Date "2007.??.??"]
[Round "11"]
[White "Pina Vega, Sulennis"]
[Black "Nejanky, Maisa"]
[Result "1-0"]
[WhiteElo "2294"]
[BlackElo "2068"]
[PlyCount "87"]

1. e4 c5 2. b3 Nc6 3. Bb2 e5 4. Bc4 Nf6 5. d3 d5 6. exd5 Nxd5 7. Ne2 Be6 8. O-O
Be7 9. Nbc3 O-O 10. Nxd5 Bxd5 11. Nc3 Bxc4 12. dxc4 Nd4 13. Nd5 Bd6 14. Bxd4
exd4 15. f4 f5 16. Qd3 Qd7 17. Rae1 Rae8 18. c3 Re4 19. Rxe4 fxe4 20. Qxe4 Re8
21. Qd3 Qg4 22. h3 Qe2 23. Qxe2 Rxe2 24. Rf2 Re1+ 25. Rf1 Rxf1+ 26. Kxf1 dxc3
27. Ke2 Kf7 28. Kd3 Ke6 29. g4 g5 30. fxg5 Be5 31. h4 Bd4 32. Nxc3 Ke5 33. Nd5
b5 34. h5 bxc4+ 35. bxc4 a6 36. a4 a5 37. g6 hxg6 38. hxg6 Ke6 39. Ke4 Bb2 40.
g5 Bd4 41. Nf4+ Ke7 42. Kf5 Bb2 43. Ne6 Kd6 44. g7 1-0

[Event "Continental Femenino"]
[Site "?"]
[Date "2007.??.??"]
[Round "11"]
[White "Malajovich, Sandra"]
[Black "Cori Tello, Deisy Estela"]
[Result "1-0"]
[WhiteElo "2095"]
[BlackElo "2144"]
[PlyCount "99"]

1. d4 Nf6 2. c4 e6 3. Nf3 d5 4. cxd5 exd5 5. Bg5 Be7 6. Qc2 Nc6 7. e3 O-O 8.
Nc3 h6 9. Bh4 Nb4 10. Qb3 Bf5 11. Rc1 g5 12. Bg3 c5 13. dxc5 Bxc5 14. a3 Nc6
15. Nxd5 Ne4 16. Bc7 Qd7 17. Bd3 Be6 18. Bxe4 f5 19. Bd3 Bxd5 20. Bc4 Bxc4 21.
Qxc4+ Kh7 22. Qxc5 Qxc7 23. O-O Rf6 24. b4 Qf7 25. Rfd1 Re8 26. b5 Ne7 27. Rd7
Re6 28. Rxb7 Kg8 29. Qxa7 f4 30. Rb8 fxe3 31. fxe3 g4 32. Nd4 Rxe3 33. Rf1 Qg6
34. Rxe8+ Qxe8 35. a4 Re4 36. Qc5 Qd7 37. Nc6 Ng6 38. a5 Nf4 39. Ne7+ Rxe7 40.
Rxf4 Re1+ 41. Rf1 Qd1 42. Qf8+ Kh7 43. Qf7+ Kh8 44. Qf6+ Kh7 45. a6 Qe2 46.
Qf7+ Kh8 47. Qf2 Rxf1+ 48. Qxf1 Qe3+ 49. Kh1 Qc5 50. Qa1+ 1-0